Abigail Breslin Filmography - Statistics

General Stats
  • This quiz has been taken 63 times
    9 since last reset
  • The average score is 18 of 73
Answer Stats
Type Year Name % Correct
Film 2006 Little Miss Sunshine
63%
Film 2008 Nim's Island
63%
Film 2009 Zombieland
63%
Film 2019 Zombieland: Double Tap
63%
Film 2013 August: Osage County
50%
Film 2009 My Sister's Keeper
50%
Film 2011 New Year's Eve
50%
Film 2011 Rango
50%
Film 2024 Classified
38%
Film 2008 Definitely, Maybe
38%
TV Show 2006 Ghost Whisperer
38%
TV Show 2006 Grey's Anatomy
38%
Film 2015 Maggie
38%
Film 2007 No Reservations
38%
Film 2004 Raising Helen
38%
Film 2002 Signs
38%
Film 2021 Stillwater
38%
Film 2004 The Princess Diaries 2: Royal Engagement
38%
TV Show 2023 Accused
25%
Film TBA A Good Fight
25%
Film 2006 Air Buddies
25%
Film 2022 Canyon del Muerto
25%
Film 2024 Chapter 51
25%
Film 2004 Chestnut: Hero of Central Park
25%
Podcast 2022 Daniel X: Genesis
25%
TV Film 2017 Dirty Dancing
25%
TV Film 2005 Family Plan
25%
Film 2016 Fear, Inc.
25%
Film 2015 Final Girl
25%
Film 2017 Freak Show
25%
TV Show 2002 Hack
25%
Film 2013 Haunter
25%
Film 2010 Janie Jones
25%
Film 2004 Keane
25%
Film 2008 Kit Kittredge: An American Girl
25%
TV Show 2004 Law & Order: Special Victims Unit
25%
Documentary 2022 Living with Chucky
25%
Short Film 2023 Magda
25%
Film 2023 Miranda's Victim
25%
TV Show 2004 NCIS
25%
Film 2014 Perfect Sisters
25%
Film 2010 Quantum Quest: A Cassini Space Odyssey
25%
Film TBA Saturday at the Starlight
25%
TV Show 2015-2016 Scream Queens
25%
Film 2022 Slayers
25%
Podcast 2023 Supreme: The Battle for Roe
25%
Film 2013 The Call
25%
TV Show 2022 The Cannibals'
25%
Film 2025 The Italians
25%
Film 2006 The Santa Clause 3: The Escape Clause
25%
Short Film 2013 The Screen Test
25%
Film 2006 The Ultimate Gift
25%
TV Show 2002 What I Like About You
25%
Film 2014 Wicked Blood
25%
Film 2017 Yamasong: March of the Hollows
25%
Film 2012 Zambezia
25%
Video Game 2019 Zombieland: Double Tap - Road Trip
25%
Film TBA Canyon of the Dead
13%
TV Show 2013 Project Runway All Stars
13%
Theater 2017 All the Fine Boys
0%
Documentary Series 2008 Breeder of the Pack
0%
Commercial 2003 Brita Water Filters
0%
TV Show 2002-2009 Fairfax
0%
Commercial 2007 Hewlett Packard
0%
Director 2023 Hitbaby
0%
TV Special 2007 Live Earth
0%
Director TBA Pat and Presley
0%
TV Special 2008, 2010 Stand Up to Cancer
0%
Web Series 2020 Sugar Rush Christmas
0%
TV Documentary 2020 The Happy Days of Garry Marshall
0%
Theater 2010 The Miracle Worker
0%
Music Video 2011 Thump Thump Thump
0%
Commercial 1999 Toys R Us
0%
No matching quizzes found
Score Distribution
Percent of People with Each Score
Percentile by Number Answered
Your Score History
You have not taken this quiz since the last reset